00922nam a2200217 a 450000500170000000800410001704100080005808200180006610000330008424501590011726000260027630000100030265000220031265000160033465000350035066200230038570000290040894200180043799900150045595202340047020200104041520.0140226b1978 ck ||||| |||| 00| 0 spa d aspa04a641.357bS16i aSalas, Gonzalo de las911642 aInfluencia del factor edáfico en el crecimiento inicial del laurel (Cordia alliodora) (R. Pav.) (Oken) en las terrazas del río Mira, Nariño Colombia aBogotábCONIFc1978 a50 p. aCrecimiento98535 aSuelos9287 aPlantaciones forestales992198 aColombiabNariño aFranco, José M.911645 cImpreso2z01 c1287d1287 00102ddc40708GENERALaBogotabBogotad1999-05-01eInstituto Nacional de los Recursos Naturales Renovables y del Medio Ambientel1oLB-641.357 S16ip001728r2014-08-22 00:00:00s2014-07-18tEj. 1w2012-12-04xDonaciónyLIBRO